000 00807nam a2200217Ii 4500
003 JO-AjNU
008 230605s9999||||xx |||||||||||||| ||und||
040 _aJO-AjNU
_bara
_erda
_cJO-AjNU
041 _aara
050 1 4 _aBP190.5.F3.Z3368 1998
100 3 _aبنت عبد الله، الزهراء فاطمة,
_eauthor
_920663
245 0 0 _aالموضة في التصور الإسلامي
250 _aط2
264 3 1 _aبيروت: دار ابن حزم للطباعة والنشر والتوزيع، 1998
300 _a176ص
336 _atext
_btxt
_2rdacontent
337 _aunmediated
_bn
_2rdamedia
338 _avolume
_bnc
_2rdacarrier
490 0 _aسلسلة حقائق واكاذيب في حياة المراة المسلمة2
650 4 _aالموضة- الملابس- الاسلام
_920664
999 _aA7044
_c10612
_d10612